African country tourism taglines Quiz Stats

 Plays Quiz not verified by Sporcle

Also try: Electric Countries
Challenge
Share
Tweet
Score 0/29 Timer 10:00
0 Plays Today
% Correct
Djibouti
72.5%
Tanzania
50%
Morocco
45%
Madagascar
45%
Rwanda
32.5%
Egypt
30%
Chad
22.5%
Swaziland
20%
Ethiopia
17.5%
South Africa
17.5%
Lesotho
17.5%
Gambia
15%
Kenya
15%
Nigeria
15%
Mauritius
12.5%
% Correct
Seychelles
12.5%
Burundi
12.5%
Botswana
12.5%
Cameroon
10%
Zambia
10%
Zimbabwe
10%
Algeria
10%
Cape Verde
10%
Malawi
7.5%
Sierra Leone
7.5%
Mozambique
7.5%
Tunisia
5%
Uganda
5%
Namibia
5%

You're not logged in!

Compare scores with friends on all Sporcle quizzes.
OR
Log In

You Might Also Like...

Show Comments

Extras

Top Quizzes Today


Score Distribution

Your Account Isn't Verified!

In order to create a playlist on Sporcle, you need to verify the email address you used during registration. Go to your Sporcle Settings to finish the process.

Report this User

Report this user for behavior that violates our Community Guidelines.

Details: